000 00282nam a2200121Ia 4500
100 _aRichter J.M.
942 _cBK
654 _aWindows 3.1 developers guide
245 _aWindows 3.1 : A developers guide
260 _bBPB
_aNew Delhi
_c1994
546 _aENGLISH
999 _c32346
_d32346